[Event "Open Bali A"]
[Site "Benidorm ESP"]
[Date "2003.11.26"]
[Round "7"]
[White "Yepes Martinez,E"]
[Black "Morales,Jul"]
[Result "1/2-1/2"]
[WhiteElo "2298"]
[BlackElo "2183"]

1.e4 d6 2.d4 Nf6 3.Nc3 c6 4.f4 Qa5 5.Bd3 e5 6.Nf3 Bg4 7.Be3 Nbd7 8.O-O Be7
9.Qe1 Bxf3 10.Rxf3 Ng4 11.Ne2 Qxe1+ 12.Rxe1 Nxe3 13.Rxe3 O-O 14.c3 a6 15.Rd1 b5
16.Rf3 Rad8 17.Bc2 c5 18.Rfd3 Nf6 19.dxe5 dxe5 20.fxe5 Ng4 21.Nf4 Nxe5 22.Rxd8 Rxd8
23.Rxd8+ Bxd8 24.Nd3 Nd7 25.Kf2 Bc7 26.h3 Bd6 27.Ke3 Kf8 28.Bd1 Ke7 29.Bg4 Ne5  1/2-1/2

[Event "GM"]
[Site "Varazdin CRO"]
[Date "2003.11.26"]
[Round "4"]
[White "Topalovic,Z"]
[Black "Georgiev,Vl"]
[Result "1/2-1/2"]
[WhiteElo "2514"]
[BlackElo "2596"]

1.e4 d6 2.d4 Nf6 3.Nc3 e5 4.Nf3 Nbd7 5.Bc4 Be7 6.O-O O-O 7.Re1 c6 8.a4 a5
9.h3 exd4 10.Qxd4 Nc5 11.Bf4 Be6 12.Rad1 Qb6 13.Bxe6 fxe6 14.Bxd6 Bxd6 15.Qxd6 Rad8
16.Qe7 Rde8 17.Qd6 Rd8 18.Qe7 Rde8 19.Qd6 Rd8  1/2-1/2

[Event "Hotel Bali Stars"]
[Site "Benidorm ESP"]
[Date "2003.11.27"]
[Round "1"]
[White "Anand,V"]
[Black "Azmaiparashvili,Z"]
[Result "1-0"]
[WhiteElo "2766"]
[BlackElo "2693"]

1.e4 d6 2.d4 Nf6 3.Nc3 e5 4.Nge2 Be7 5.f3 O-O 6.Be3 c5 7.d5 Nh5 8.Qd2 g6
9.O-O-O Qa5 10.g4 Ng7 11.Ng3 a6 12.h4 f6 13.g5 f5 14.f4 b5 15.h5 b4 16.Nb1 fxe4
17.fxe5 Nd7 18.e6 Ne5 19.hxg6 Ng4 20.Be2 Rf3 21.Bxf3 exf3 22.Rxh7  1-0

[Event "13th WSen"]
[Site "Bad Zwischenahn GER"]
[Date "2003.11.28"]
[Round "10"]
[White "Klein,Ma"]
[Black "Semmler,G"]
[Result "1-0"]
[WhiteElo "2265"]
[BlackElo "2092"]

1.e4 d6 2.d4 Nf6 3.Nc3 e5 4.Nf3 Nbd7 5.Bc4 Be7 6.O-O O-O 7.Qe2 c6 8.a4 b6
9.h3 a6 10.Rd1 Qc7 11.Ba2 Bb7 12.Nh4 b5 13.Nf5 Rfe8 14.d5 cxd5 15.Nxd5 Nxd5
16.Bxd5 Bxd5 17.Rxd5 Nf6 18.Rd3 Qc4 19.Bg5 Rad8 20.axb5 Qxb5 21.Nxe7+ Rxe7
22.Bxf6 gxf6 23.Qg4+ Kf8 24.Rb3 Qc6 25.Qh4 Re6 26.Rc3 Qb6 27.Qh6+ Ke7 28.Raa3 d5
29.Rab3 Qa7 30.exd5 Rxd5 31.Rc8 Rd8 32.Rxd8 Kxd8 33.Qf8+ Kd7 34.Rd3+ Kc6
35.Qc8+ Kb6 36.Rb3+ Ka5 37.Qc3+  1-0

[Event "TCh-AUT 2003-4"]
[Site "Graz AUT"]
[Date "2003.11.30"]
[Round "3"]
[White "Gyimesi,Z"]
[Black "Tischbierek,R"]
[Result "1-0"]
[WhiteElo "2537"]
[BlackElo "2519"]

1.d4 d6 2.e4 Nf6 3.Nc3 e5 4.Nf3 Nbd7 5.Bc4 Be7 6.O-O O-O 7.Re1 c6 8.a4 a5
9.b3 exd4 10.Nxd4 Nc5 11.Bb2 Be6 12.Bf1 Qc7 13.g3 Rad8 14.Bg2 Rfe8 15.h3 Bc8
16.Qd2 Bf8 17.Rad1 g6 18.Nd5 cxd5 19.Nb5 Qe7 20.exd5 Nfe4 21.Bxe4 Nxe4 22.Qd4 f6
23.Nc3 Ng5 24.Rxe7 Nf3+ 25.Kg2 Nxd4 26.Rxe8 Rxe8 27.Rxd4 Bf5 28.Rd2 Bh6 29.f4 Rc8
30.Kf3 g5 31.g4 Bg6 32.Ne4 Bxe4+ 33.Kxe4 gxf4 34.Bxf6 Re8+ 35.Kf5 f3 36.Rf2 Re2
37.Rxf3 Rxc2 38.Ke6 Bf8 39.Bc3  1-0

[Event "Kurent Men"]
[Site "Ptuj SLO"]
[Date "2003.12.03"]
[Round "5"]
[White "Roskar,R"]
[Black "Podkriznik,G"]
[Result "1/2-1/2"]
[WhiteElo "2244"]
[BlackElo "2341"]

1.e4 d6 2.d4 Nf6 3.Nc3 e5 4.dxe5 dxe5 5.Qxd8+ Kxd8 6.Bc4 Be6 7.Bxe6 fxe6
8.Bg5 Bd6 9.O-O-O Ke7 10.f3 a6 11.Nge2 Nc6 12.Be3 b5 13.Rd2 Rad8 14.Rhd1 Rhf8  1/2-1/2

[Event "TCh-CZE Extraliga 2003-4"]
[Site "Czech Rep CZE"]
[Date "2003.12.06"]
[Round "3"]
[White "Sikorova,O"]
[Black "Moravec,M"]
[Result "1/2-1/2"]
[WhiteElo "2241"]
[BlackElo "2297"]

1.e4 d6 2.d4 Nf6 3.Nc3 c6 4.f3 Nbd7 5.Be3 e5 6.Nge2 h5 7.Qd2 h4 8.f4 Be7
9.O-O-O b5 10.fxe5 dxe5 11.dxe5 Ng4 12.e6 fxe6 13.Kb1 b4 14.Na4 Qa5 15.b3 Ndf6
16.Nd4 Nxe4 17.Qd3 Qd5 18.Qe2 Ngf6 19.Qe1 Bd7 20.Bc4 Qe5 21.Rf1 Nd5 22.Rd3 Bf6
23.Bxd5 exd5 24.Qxb4 Qxh2  1/2-1/2

[Event "TCh-CZE Extraliga 2003-4"]
[Site "Czech Rep CZE"]
[Date "2003.12.06"]
[Round "3"]
[White "Bazant,P jr"]
[Black "Neuman,P"]
[Result "0-1"]
[WhiteElo "2361"]
[BlackElo "2455"]

1.e4 d6 2.d4 Nf6 3.Nc3 e5 4.dxe5 dxe5 5.Qxd8+ Kxd8 6.Bc4 Be6 7.Bxe6 fxe6
8.Bg5 Bd6 9.O-O-O Ke7 10.Nf3 Nc6 11.Rd3 a6 12.h3 h6 13.Be3 b5 14.a3 g5 15.Re1 Nh5
16.Nb1 Raf8 17.c4 Nf4 18.Bxf4 Rxf4 19.Nbd2 h5 20.g3 Rf6 21.Rd1 g4 22.c5 gxf3
23.cxd6+ cxd6 24.Nxf3 Rhf8 25.Nh4 Rc8 26.R3d2 Nd4+ 27.Kb1 a5 28.f4 Rc6 29.Rd3 a4
30.Rc1 Kd7 31.Rxc6 Kxc6 32.Ng2 Nb3 33.h4 d5 34.Rc3+ Kd7 35.exd5 exd5 36.Re3 e4
37.Re1 d4 38.Rd1 Ke6 39.f5+ Kxf5 40.Rf1+ Ke5 41.Rxf6 Kxf6 42.Nf4 Kf5 43.Nxh5 Kg4
44.Nf6+ Kf3 45.Kc2 d3+ 46.Kc3 d2  0-1

[Event "It Resort and Casino"]
[Site "Decameron DOM"]
[Date "2003.12.06"]
[Round "1"]
[White "Ramirez,Al"]
[Black "Campora,D"]
[Result "1/2-1/2"]
[WhiteElo "2483"]
[BlackElo "2503"]

1.e4 d6 2.d4 Nf6 3.Nc3 e5 4.Nf3 Nbd7 5.Bc4 Be7 6.O-O O-O 7.Re1 c6 8.h3 b5
9.Bb3 Bb7 10.d5 Nc5 11.dxc6 Bxc6 12.Bd5 Bxd5 13.Nxd5 Ncxe4 14.Qd3 Nxd5 15.Qxd5 Nf6
16.Qxb5 Qc7 17.Qe2 Rfc8 18.c3 a5 19.Bg5 h6 20.Bxf6 Bxf6 21.Rad1 a4 22.a3 Ra5
23.Qe4 Qb6 24.Re2 Rb5 25.Rdd2 Qa6 26.Qd3 Rc6 27.Re4 d5 28.Rb4 Rxb4 29.Qxa6 Rxa6
30.axb4 d4 31.cxd4 exd4 32.b5 Rd6 33.Kf1 d3 34.Ne1 Bxb2 35.Rxd3 Rb6 36.Rd8+ Kh7
37.Ra8 a3 38.Nc2 Rxb5 39.Nxa3 Rc5 40.Ke2 f5 41.Ra4 Bxa3  1/2-1/2

[Event "TCh-AUT B Mitte 2003-4"]
[Site "Trofaiach AUT"]
[Date "2003.12.07"]
[Round "4"]
[White "Eichert,W"]
[Black "Lautner,J"]
[Result "1/2-1/2"]
[WhiteElo "2164"]
[BlackElo "2197"]

1.e4 d6 2.d4 Nf6 3.Nc3 c6 4.f4 g6 5.Nf3 Bg7 6.Bd3 O-O 7.O-O Bg4 8.h3 Bxf3
9.Qxf3 Qb6 10.Ne2 Nfd7 11.Be3 c5 12.d5 Qc7 13.c3 c4 14.Bc2  1/2-1/2

[Event "22nd SEA Games Standard"]
[Site "Ho Chi Minh City VIE"]
[Date "2003.12.10"]
[Round "5"]
[White "Wong Zi Jing"]
[Black "Wynn Zaw Htun"]
[Result "1/2-1/2"]
[WhiteElo "2311"]
[BlackElo "2400"]

1.e4 d6 2.d4 Nf6 3.Nc3 Nbd7 4.f4 e5 5.dxe5 dxe5 6.fxe5 Nxe5 7.Qxd8+ Kxd8
8.Bg5 Be7 9.O-O-O+ Nfd7 10.Bf4 Ng6 11.Bg3 Bh4 12.Bxh4+ Nxh4 13.Nf3 Nxf3 14.gxf3 c6
15.Rg1 g6 16.Kd2 Ke7 17.Ke3 Ne5 18.Be2 h5 19.b3 Be6 20.Rd4 Rad8 21.Rgd1 Rxd4
22.Kxd4 f6 23.h4 Nf7 24.f4 Bg4 25.Rg1 Nh6 26.Ke3 Rd8 27.Nd1 Kf7 28.Bc4+ Be6
29.Bxe6+ Kxe6 30.Nf2 Kf7 31.Ke2 Rd4 32.Rd1 Rxd1 33.Nxd1 Ke6 34.Nf2 Nf7 35.Nh3 a5
36.Ke3 Kd6 37.Kd4 b5 38.a3 c5+ 39.Kd3 Nd8 40.c3 Nf7 41.Ke3 Ke6 42.Nf2 Kd6
43.Nh3 Ke6 44.Nf2 g5 45.hxg5 fxg5 46.fxg5 Nxg5 47.Nd3 Kd6 48.Kf4 Ne6+ 49.Kf5 h4
50.Nf2 b4 51.cxb4 cxb4 52.axb4 axb4 53.Kg4 Nc5 54.Kxh4 Nxb3 55.Kg4 Nd4  1/2-1/2

[Event "2nd Subasic Mem"]
[Site "Zenica BIH"]
[Date "2003.12.11"]
[Round "8"]
[White "Muratovic,En"]
[Black "Dizdarevic,E"]
[Result "0-1"]
[WhiteElo "2281"]
[BlackElo "2507"]

1.e4 d6 2.d4 Nf6 3.Nc3 c6 4.f3 d5 5.exd5 cxd5 6.Bf4 a6 7.Bd3 Nc6 8.Nge2 Bd7
9.g4 e6 10.g5 Nh5 11.Be3 Qc7 12.Qd2 Bd6 13.f4 Ne7 14.O-O-O f6 15.Rdf1 O-O-O
16.Ng3 Nxg3 17.hxg3 f5 18.Rh2 h5 19.Qe2 g6 20.Nb1 Qa5 21.a3 Kb8 22.Qe1 Qb6
23.Bd2 Rc8 24.Ba5 Qa7 25.Bb4 Bxb4 26.Qxb4 Nc6 27.Qd6+ Rc7 28.c3 Nxd4 29.Nd2 Nc6
30.Re1 Bc8 31.a4 Rd8 32.Qa3 d4 33.c4 e5 34.fxe5 Be6 35.Kb1 a5 36.Nf3 Nb4
37.Rc1 Qc5 38.Rd2 Bd7 39.Re1 Bc6 40.Nh4 Qe7 41.Nxg6 Qxg5 42.Nf4 Qxg3 43.Rf1 Re7
44.Bxf5 Qg5 45.Ne6 Rxe6 46.Bxe6 Qxd2 47.Bf5 Qe2 48.Rc1 Qxe5 49.Qh3 Be4+ 50.Bxe4 Qxe4+
51.Ka1 d3 52.Qg3+ Ka8 53.Qc7 Nc6 54.Qf7 d2  0-1

[Event "XVI Carlos Torre Mem"]
[Site "Merida MEX"]
[Date "2003.12.13"]
[Round "2"]
[White "Russek,G"]
[Black "Hernandez,Gi"]
[Result "0-1"]
[WhiteElo "2365"]
[BlackElo "2538"]

1.e4 d6 2.d4 Nf6 3.Nc3 Nbd7 4.g3 e5 5.Nge2 b5 6.Bg2 c6 7.O-O Bb7 8.Re1 Be7
9.b3 O-O 10.Bb2 Re8 11.Qd2 Rb8 12.a3 a5 13.Rad1 Bf8 14.dxe5 dxe5 15.Nc1 Qc7
16.Nd3 Nc5 17.Nxc5 Bxc5 18.Qe2 Bd4 19.Rd2 Qe7 20.a4 b4 21.Nd1 c5 22.Bxd4 cxd4
23.f3 Rbc8 24.Bf1 h5 25.Qf2 h4 26.Nb2 Nh5 27.gxh4 Rc6 28.Kh1 Rh6 29.Bb5 Rf8
30.Bc4 Nf4 31.Nd3 Rxh4 32.Nxf4 Rxf4 33.Qg3 Qf6 34.Rf2 g6 35.Bd3 Kg7 36.Rg1 Rh8
37.Rgg2 Rh5 38.Be2 Bc6 39.Bd1 Rfh4 40.Be2 Bd7 41.Rg1 Rh3 42.Qg2 Qf4 43.Bd1 Rh6
44.Be2 Qh4 45.Bd3 Rxh2+  0-1

[Event "RUS-UKR Blitz g/3"]
[Site "bereg.ru INT"]
[Date "2003.12.14"]
[Round "15"]
[White "Karjakin,Sergey"]
[Black "Kodinets,K"]
[Result "1/2-1/2"]
[WhiteElo "2562"]
[BlackElo "2409"]

1.e4 d6 2.d4 Nf6 3.Nc3 e5 4.dxe5 dxe5 5.Qxd8+ Kxd8 6.Bc4 Be6 7.Bxe6 fxe6
8.f3 Bd6 9.Be3 Ke7 10.O-O-O Nbd7 11.Nh3 a6 12.Nf2 b5 13.Rd2 Rhb8 14.h4 Nb6
15.b3 Nbd7 16.Kb2 a5 17.a4 bxa4 18.Nxa4 Nb6 19.Nxb6 cxb6 20.Rhd1 Bc7 21.Bg5 Rd8
22.Ng4 Rxd2 23.Rxd2 h6 24.Nxf6 gxf6 25.Be3 h5 26.c4 Rg8 27.Ka3 Bd6+ 28.Ka4 Bb4
29.Re2 Bc5 30.Bxc5+ bxc5 31.Kxa5 Kd6 32.Kb6 Rb8+ 33.Ka7 Rxb3 34.Rd2+ Kc7
35.Ka6 Kc6 36.Ka7 Rb4 37.Rc2 Kc7 38.Ka6 Kc6 39.Ka5 f5 40.exf5 exf5 41.Re2 Rxc4
42.Rxe5 Rc2 43.Ka4 Rxg2 44.Rxf5 Rf2 45.Kb3 Kb5 46.Kc3 Rf1 47.Kd3 Kb4 48.Ke2 Rh1
49.Rxh5 c4 50.Rh8 c3 51.Kd3 Rd1+ 52.Kc2 Rd2+ 53.Kc1 Rf2 54.Rb8+ Kc4 55.Rc8+ Kd3
56.Rd8+ Ke3 57.Re8+ Kd3 58.Rd8+ Kc4 59.h5 Rxf3 60.h6 Rh3 61.Rc8+ Kd3 62.Rd8+ Kc4
63.Rc8+ Kd4 64.Rd8+  1/2-1/2

[Event "XVI Carlos Torre Mem"]
[Site "Merida MEX"]
[Date "2003.12.15"]
[Round "4"]
[White "Hernandez,Rom"]
[Black "Hernandez,Gi"]
[Result "1/2-1/2"]
[WhiteElo "2414"]
[BlackElo "2538"]

1.d4 d6 2.e4 Nf6 3.Nc3 Nbd7 4.Nf3 e5 5.Be2 Be7 6.O-O O-O 7.Re1 c6 8.a4 a5
9.Bf1 Re8 10.h3 exd4 11.Nxd4 Nc5 12.Bf4 Qb6 13.Qf3 Qb4 14.Rad1 Ne6 15.Nxe6 Bxe6
16.b3 Rad8 17.Bd2 Qc5 18.Qe3 Nd7 19.Qxc5 Nxc5 20.Be3 b6  1/2-1/2

[Event "2nd Women's Masters"]
[Site "Belfort FRA"]
[Date "2003.12.16"]
[Round "2"]
[White "Gaponenko,I"]
[Black "Muller,A"]
[Result "1/2-1/2"]
[WhiteElo "2409"]
[BlackElo "2229"]

1.e4 d6 2.d4 Nf6 3.Nc3 e5 4.Nf3 Nbd7 5.Bc4 Be7 6.O-O O-O 7.a4 c6 8.Ba2 exd4
9.Nxd4 Nc5 10.Re1 Re8 11.b4 Ne6 12.b5 Qc7 13.Nf5 Bf8 14.bxc6 bxc6 15.Ba3 Nc5
16.Bxc5 dxc5 17.Qf3 Qe5 18.Re3 g6 19.Qg3 Qxg3 20.Nxg3 Ng4 21.Ree1 Bg7 22.Nge2 Ba6
23.Rad1 Rad8 24.h3 Ne5 25.f4 Nc4 26.e5 Ne3 27.Rxd8 Rxd8 28.Ne4 Nxc2 29.Rc1 Nb4
30.Bc4 Bxc4 31.Rxc4 Bf8 32.Nxc5 Rd1+ 33.Kh2 Bxc5 34.Rxc5 Rd2 35.Nc1 Nd5 36.Kg3 Rd4
37.a5 Nxf4 38.Rxc6 Ne6 39.Ne2 Rd5 40.Ra6 Rd7 41.Nf4 Nxf4 42.Kxf4 Kg7 43.Ke4 h5
44.Rd6 Re7 45.Kd5 h4 46.a6 Kh6 47.Rf6 Kg7 48.Kd6 Re8 49.Kd5 Re7 50.Rc6 Kh6
51.Rc4 Kg5 52.Rg4+ Kf5 53.Rxh4 Rxe5+ 54.Kc6 Re2 55.Kb7 Rxg2 56.Kxa7 Rb2 57.Rh7 Kf6
58.Ka8 g5 59.a7 Kg6 60.Rh8 f5 61.Rb8 Ra2 62.Kb7 g4 63.hxg4 fxg4 64.a8=Q Rxa8
65.Rxa8 Kf5 66.Kc6 Ke4 67.Ra4+ Kf3 68.Ra3+ Kf2 69.Kd5 g3 70.Ke4 g2 71.Ra2+ Kg3
72.Rxg2+  1/2-1/2

[Event "Christmas Open"]
[Site "Zadar CRO"]
[Date "2003.12.17"]
[Round "4"]
[White "Makarov,M"]
[Black "Biti,O"]
[Result "1-0"]
[WhiteElo "2517"]
[BlackElo "2346"]

1.d4 d6 2.e4 Nf6 3.Nc3 e5 4.Nf3 Nbd7 5.Bc4 Be7 6.O-O O-O 7.a4 a5 8.Re1 c6
9.h3 exd4 10.Nxd4 Nc5 11.Bf4 Qb6 12.Qf3 Be6 13.Bf1 Qb4 14.Rad1 Rfe8 15.b3 Ncd7
16.g4 h6 17.Qg3 Nf8 18.Bc1 Qc5 19.Nf5 Bxf5 20.gxf5 Nh5 21.Qf3 Nd7 22.Bc4 Nhf6
23.Qg2 Ne5 24.Bxh6 Bf8 25.Be3 Qb4 26.Bd4 Nxc4 27.bxc4 Nd7 28.Kh1 f6 29.Qf1 Ne5
30.f4 Nxc4 31.Rb1 Nd2 32.Rxb4 Nxf1 33.Rxb7 Ng3+ 34.Kg2 Nxf5 35.Bf2 Nh6 36.Rc7 Rac8
37.Rxc8 Rxc8 38.Rb1 d5 39.exd5 cxd5 40.Nxd5 Rxc2 41.Rb5 Bb4 42.Nxb4 axb4
43.Rxb4 Ra2 44.Kf3 Ra3+ 45.Ke4 Rxh3 46.Bc5 Rh2 47.Rb3 g5 48.a5 Re2+ 49.Kd5 Ra2
50.Ra3 Rd2+ 51.Ke6 Nf7 52.a6 Nd8+ 53.Kxf6 Nc6 54.fxg5  1-0

[Event "Christmas Open"]
[Site "Zadar CRO"]
[Date "2003.12.18"]
[Round "5"]
[White "Filipovic,Br"]
[Black "Jurkovic,A"]
[Result "1-0"]
[WhiteElo "2420"]
[BlackElo "2317"]

1.e4 d6 2.d4 Nf6 3.Nc3 Nbd7 4.Nf3 e5 5.g4 h6 6.g5 hxg5 7.Nxg5 Be7 8.Bc4 O-O
9.Rg1 c6 10.d5 b5 11.Bb3 b4 12.dxc6 bxc3 13.cxd7 cxb2 14.dxc8=Q bxc1=Q 15.Qh3 Qa5+
16.Kf1 Qa6+ 17.Kg2 Qxg5+ 18.Kh1 Qf4 19.Rxg7+ Kxg7 20.Qg1+ Ng4 21.Qhxg4+ Qxg4
22.Qxg4+ Kh6 23.Rg1  1-0

[Event "Christmas Open"]
[Site "Zadar CRO"]
[Date "2003.12.18"]
[Round "5"]
[White "Jakic,I"]
[Black "Jovanovic,Zo2"]
[Result "1/2-1/2"]
[WhiteElo "2315"]
[BlackElo "2448"]

1.e4 d6 2.d4 Nf6 3.Nc3 e5 4.Nf3 exd4 5.Nxd4 Be7 6.Bf4 O-O 7.Qd2 a6 8.O-O-O b5
9.f3 c5 10.Nf5 Bxf5 11.exf5 Nc6 12.g4 b4 13.Ne4 Nd4 14.Nxf6+ Bxf6 15.g5 Be5
16.Bxe5 dxe5 17.f6 gxf6 18.Bc4 Kh8 19.Qe3 Qd6  1/2-1/2

[Event "Lindsborg Open"]
[Site "Kansas USA"]
[Date "2003.12.20"]
[Round "4"]
[White "Perelshteyn,E"]
[Black "Mitkov,N"]
[Result "1/2-1/2"]
[WhiteElo "2488"]
[BlackElo "2530"]

1.e4 d6 2.d4 Nf6 3.Nc3 e5 4.Nge2 c6 5.g3 b5 6.a3 Be7 7.Bg2 O-O 8.O-O Nbd7
9.h3 a5 10.a4 b4 11.Nb1 Ba6 12.Be3 Qc7 13.d5 Rae8 14.Nd2  1/2-1/2

[Event "1st GM"]
[Site "Kish IRI"]
[Date "2003.12.20"]
[Round "10"]
[White "Ardeshi,M"]
[Black "Bojkov,D"]
[Result "0-1"]
[WhiteElo "2339"]
[BlackElo "2398"]

1.e4 d6 2.d4 Nf6 3.Nc3 e5 4.Nf3 Nbd7 5.Bc4 Be7 6.O-O O-O 7.Re1 c6 8.a4 a5
9.b3 h6 10.Ba3 Re8 11.h3 Nh7 12.dxe5 dxe5 13.Bxe7 Qxe7 14.Qd2 Nc5 15.Rad1 Ng5
16.Nxg5 hxg5 17.Qd6 Kf8 18.Qxe7+ Kxe7 19.Rd2 Be6 20.Bxe6 Nxe6 21.Ne2 Rad8
22.Red1 Rxd2 23.Rxd2 b5 24.Nc3 Nd4 25.f3 Rb8 26.Kf2 Kd6 27.Ne2 Kc5 28.axb5 cxb5
29.Nc1 Kb4 30.Ke3 Kc3 31.Na2+ Kb2 32.c3+ Nc2+ 33.Kd3 Rd8+ 34.Ke2 Rxd2+ 35.Kxd2 Na1  0-1

[Event "ch-Arab m"]
[Site "Cairo EGY"]
[Date "2003.12.21"]
[Round "2"]
[White "El Gindy,E"]
[Black "Belkhodja,S"]
[Result "1/2-1/2"]
[WhiteElo "2501"]
[BlackElo "2439"]

1.d4 d6 2.e4 Nf6 3.Nc3 c6 4.a4 e5 5.Nf3 Nbd7 6.Bc4 Be7 7.O-O O-O 8.Ba2 h6
9.Re1 Re8 10.h3 Bf8 11.a5 exd4 12.Nxd4 Nc5 13.Qf3 d5 14.e5 Nfd7 15.Bf4 Ne6
16.Nxe6 Rxe6 17.Nxd5 cxd5 18.Bxd5 Nc5 19.b4 Na6 20.Bxe6 Bxe6 21.c3 Qc7 22.Red1 Rc8
23.Rac1 Nb8 24.Be3 Nc6 25.Qe4 g6 26.f4 h5 27.Qf3 Re8 28.Qf2 a6 29.Bb6 Qc8
30.Bc5 Bxc5 31.Qxc5 Ne7 32.Qd6 Nf5 33.Qb6 Kh7 34.c4 Bxc4 35.Rd4 Nxd4 36.Qxd4 Rd8
37.Qe4 Rd2 38.Rxc4 Qd7 39.Kh2 Kg7 40.e6 Qxe6 41.Qxe6 fxe6 42.Rc7+ Kf6 43.Rxb7 h4
44.Rb6 Rb2 45.Rxa6 Rxb4 46.Ra8 Kg7 47.a6 Rxf4 48.Re8 Ra4 49.Rxe6 Ra2 50.Kg1 Kh6
51.Kf1 Kg5 52.Rb6 Kf5 53.Ke1 g5 54.Kd1 Kf4 55.Rb4+ Kf5 56.Rb6 Kf4 57.Rb4+ Kf5
58.Rb6  1/2-1/2

[Event "Open"]
[Site "Pamplona ESP"]
[Date "2003.12.21"]
[Round "2"]
[White "Argaya Urdaniz,M"]
[Black "Magem Badals,J"]
[Result "0-1"]
[WhiteElo "2085"]
[BlackElo "2500"]

1.d4 d6 2.e4 Nf6 3.Nc3 Nbd7 4.Nf3 e5 5.Bg5 c6 6.Qd2 Be7 7.Bd3 h6 8.Bh4 Nh5
9.Bxe7 Qxe7 10.Ne2 Qf6 11.dxe5 dxe5 12.Qe3 O-O 13.c3 Re8 14.O-O Nf8 15.Ne1 Ng6
16.g3 Bh3 17.Ng2 Rad8 18.Rad1 Qg5 19.Rfe1 b6 20.Bc2 Bg4 21.Qxg5 hxg5 22.Kf1 Nf6
23.Rxd8 Rxd8 24.Ng1 Be6 25.Ne3 g4 26.a3 Kf8 27.Kg2 Kg8 28.Re2 Nf8 29.h3 N8h7
30.hxg4 Nxg4 31.Nxg4 Bxg4 32.f3 Be6 33.Rf2 Kf8 34.Ne2 Ke7 35.Nc1 Ng5 36.g4 Bc4
37.Nb3 Ne6 38.Nd2 Nf4+ 39.Kg3 Ne2+ 40.Kg2 Rxd2  0-1

[Event "3rd NAO GM"]
[Site "Paris FRA"]
[Date "2003.12.21"]
[Round "7"]
[White "Murey,J"]
[Black "Marzolo,C"]
[Result "1/2-1/2"]
[WhiteElo "2465"]
[BlackElo "2462"]

1.e4 d6 2.d4 Nf6 3.Nc3 e5 4.dxe5 dxe5 5.Qxd8+ Kxd8 6.Nf3 Bd6 7.Bc4 Ke7 8.Bg5 Be6
9.Bxe6 fxe6 10.O-O-O a6 11.h3 Rf8 12.a3 Nc6 13.Rhe1 Rf7 14.Be3 h6 15.Ng1 Nh5
16.f3 Nf4 17.Rd2 b5 18.Red1 Na5 19.g3 Nc4 20.gxf4 Nxe3 21.fxe5 Bxe5 22.Rd7+ Ke8
23.Rxf7 Nxd1 24.Rxg7 Bxg7 25.Nxd1 Rd8 26.Ne2 h5 27.Nf2 Bh6+ 28.f4 e5 29.Nd3 exf4
30.Kd1 c5 31.Ke1 c4 32.Ndxf4 Bxf4 33.Nxf4 Rd4 34.Nxh5 Rxe4+ 35.Kd2 Rh4 36.Nf6+ Ke7
37.Nd5+ Kd6 38.Ne3 Rxh3 39.c3 Rh1 40.a4 Kc5 41.axb5 axb5 42.Kc2 Rh3 43.Nf1 Kb6
44.Nd2 Ka5 45.Kb1 Rh2 46.Nf3 Rf2 47.Nd4 Ka4 48.Nc6 Rf6 49.Nd4 b4 50.cxb4 Rd6
51.Ne2 Rd2 52.Nc1 Kxb4 53.Na2+ Kc5 54.Kc1 Rh2 55.Kb1 Kd4 56.Nb4 Rh6 57.Kc2 Rh2+
58.Kb1 Rf2 59.Kc1 Rh2 60.Kb1 Ke3 61.Kc1 Kd4 62.Kb1 Rf2 63.Kc1 c3 64.bxc3+ Kxc3
65.Nd5+ Kd4 66.Nb4 Kc4 67.Nc2 Kd3 68.Nb4+ Kc3 69.Nd5+ Kc4 70.Nb6+ Kb5 71.Nd5 Kc4
72.Nb6+ Kd4 73.Na4 Ra2 74.Nb2 Kc3 75.Nd1+ Kb3 76.Ne3 Rh2 77.Kd1 Kc3 78.Ng4 Ra2  1/2-1/2

[Event "Open"]
[Site "Pamplona ESP"]
[Date "2003.12.22"]
[Round "3"]
[White "Cheparinov,I"]
[Black "Garcia Fernandez,C"]
[Result "1-0"]
[WhiteElo "2531"]
[BlackElo "2372"]

1.e4 d6 2.d4 Nf6 3.Nc3 e5 4.Nf3 Nbd7 5.Bc4 Be7 6.O-O O-O 7.Re1 c6 8.a4 b6
9.d5 cxd5 10.Nxd5 Nxd5 11.Bxd5 Rb8 12.Qd3 Nf6 13.Bb3 Bb7 14.Bg5 Nh5 15.Bd2 Qc7
16.a5 b5 17.a6 Bc8 18.Be3 Kh8 19.Ng5 Bf6 20.Red1 Nf4 21.Bxf4 exf4 22.Nxh7 Kxh7
23.e5+ Kg8 24.exf6 Be6 25.fxg7 Rfe8 26.Qd4 Bxb3 27.cxb3 Re6 28.Qxf4 Kxg7
29.Qd4+ Kg8 30.Rd3 Rbe8 31.Rg3+ Rg6 32.Rxg6+ fxg6 33.Qd5+ Kg7 34.Qxb5 Qf7
35.g3 d5 36.Qd3 Kg8 37.Ra4  1-0

[Event "ch-Arab m"]
[Site "Cairo EGY"]
[Date "2003.12.23"]
[Round "4"]
[White "Hakki,I"]
[Black "Belkhodja,S"]
[Result "0-1"]
[WhiteElo "2454"]
[BlackElo "2439"]

1.e4 d6 2.d4 Nf6 3.Nc3 Nbd7 4.Nf3 e5 5.Bc4 Be7 6.O-O O-O 7.Re1 a6 8.a4 b6
9.h3 Bb7 10.b3 c6 11.d5 Qc7 12.dxc6 Bxc6 13.Bg5 Qb7 14.Qe2 h6 15.Bxf6 Nxf6
16.Rad1 Rfd8 17.Nd5 b5 18.Nxf6+ Bxf6 19.Bd5 bxa4 20.bxa4 Bxd5 21.Rxd5 Qc6
22.Nh2 Rab8 23.Ng4 Bg5 24.Qd3 Qxa4 25.Rxd6  0-1

[Event "24th Open"]
[Site "Bethune FRA"]
[Date "2003.12.26"]
[Round "1"]
[White "Bouhallel,R"]
[Black "Vigneron,F"]
[Result "1-0"]
[WhiteElo "2302"]
[BlackElo "2068"]

1.e4 d6 2.d4 Nf6 3.Nc3 c6 4.Nf3 Bg4 5.h3 Bxf3 6.Qxf3 e6 7.Bg5 Be7 8.O-O-O d5
9.e5 Nfd7 10.Bxe7 Qxe7 11.Qg3 O-O 12.f4 f5 13.Kb1 a6 14.Qf3 c5 15.Nxd5 exd5
16.Qxd5+ Kh8 17.Qxb7  1-0

[Event "North American Open"]
[Site "Las Vegas USA"]
[Date "2003.12.26"]
[Round "1"]
[White "Anderson,R"]
[Black "Altounian,L"]
[Result "0-1"]
[WhiteElo "2271"]
[BlackElo "2446"]

1.e4 d6 2.d4 Nf6 3.Nc3 c6 4.f4 Qa5 5.e5 Ne4 6.Qf3 Nxc3 7.Bd2 Qd5 8.bxc3 Bf5
9.Bd3 Bxd3 10.cxd3 Qxf3 11.Nxf3 e6 12.a4 Be7 13.Ke2 Nd7 14.a5 O-O 15.Rhb1 b5
16.axb6 axb6 17.exd6 Bxd6 18.Ne5 Bxe5 19.fxe5 b5 20.c4 Nb6 21.Rxa8 Rxa8 22.cxb5 cxb5
23.Rxb5 Nd5 24.Rb2 h6 25.Rc2 Ra4 26.Rc4 Ra2 27.Kd1 Kh7 28.Rc2 Ra4 29.Rc4 Ra1+
30.Rc1 Ra3 31.Ke2 Ra2 32.Kd1 Kg6 33.g3 Ne7 34.Ke2 Nf5 35.Rc4 Ra1 36.Bc1 Kh7
37.Kf3 Ra2 38.h4 Kg6 39.Bf4 Ra1 40.Rb4 Ne7 41.Rb7 Nd5 42.Bd2 Ra4 43.Be3 Ra3
44.Ke2 Ra1 45.Bd2 Ra2 46.Rd7 Rc2 47.Kd1 Rc7 48.Rxc7 Nxc7 49.Ke2 Kf5 50.Kf3 Nb5
51.Be3 Na3 52.Bd2 Nc2 53.Bc3 g6 54.Bb2 Nb4 55.Bc3 Nc6 56.Bb2 g5 57.hxg5 Kxg5
58.Bc3 Kf5 59.Bb2 Nb4 60.Bc3 Nxd3 61.Ke3 Nc1 62.Kd2 Na2 63.Ba5 Kg4 64.Kc2 Kxg3
65.Be1+ Kf3 66.Kb2 Ke2 67.Bh4 h5  0-1

[Event "19th Winter Open"]
[Site "Nice FRA"]
[Date "2003.12.26"]
[Round "1"]
[White "Mrdja,M"]
[Black "Drogou,G"]
[Result "1-0"]
[WhiteElo "2387"]
[BlackElo "2122"]

1.e4 d6 2.d4 Nf6 3.Nc3 e5 4.Nf3 Nbd7 5.Bc4 h6 6.O-O c6 7.a4 Qc7 8.Be3 Be7
9.h3 Nf8 10.dxe5 dxe5 11.Nh4 g6 12.f4 Nh5 13.Nf5 Be6 14.Bxe6 Nxe6 15.Nxe7 Qxe7
16.f5 Nd4 17.fxg6 fxg6 18.Bxd4 Rd8 19.Qg4 exd4 20.Qxg6+ Kd7  1-0

[Event "19th Winter Open"]
[Site "Nice FRA"]
[Date "2003.12.26"]
[Round "1"]
[White "Hamdouchi,H"]
[Black "Tedeschi,P"]
[Result "1-0"]
[WhiteElo "2588"]
[BlackElo "2160"]

1.e4 d6 2.d4 Nf6 3.Nc3 e5 4.Nf3 Nbd7 5.Bc4 Be7 6.O-O O-O 7.Re1 c6 8.a4 Qa5
9.b3 exd4 10.Qxd4 Ne5 11.Be2 Nfg4 12.h3 Nxf3+ 13.Bxf3 Bf6 14.Qd2 Ne5 15.Be2 Qb6
16.Ba3 Rd8 17.Rad1 Be6 18.Bh5 Ng6 19.Bxg6 hxg6 20.Kh1 Rd7 21.f4 Rdd8 22.Ne2 Bh4
23.Rf1 Bf2 24.f5 Be3 25.Qd3 gxf5 26.exf5 Bd7 27.Bxd6 Bg5 28.Qg3  1-0

[Event "12th Donau Open"]
[Site "Aschach GER"]
[Date "2003.12.27"]
[Round "2"]
[White "Hertneck,G"]
[Black "Jurkovic,A"]
[Result "1-0"]
[WhiteElo "2524"]
[BlackElo "2317"]

1.d4 d6 2.e4 Nf6 3.Nc3 Nbd7 4.g4 h6 5.h3 e5 6.Nge2 Be7 7.Be3 Nf8 8.Qd2 c6
9.f4 b5 10.Bg2 Ng6 11.O-O-O Qa5 12.a3 Nd7 13.fxe5 dxe5 14.d5 Nb6 15.d6 Bg5
16.Bxg5 hxg5 17.Qxg5 Rh6 18.Ng3 f6 19.Qd2 Bd7 20.Nf5 Rh7 21.Ne2 Qxd2+ 22.Rxd2 Nc4
23.Rd3 Nh4 24.Nxh4 Rxh4 25.Ng1 Rh8 26.Nf3 Be6 27.Nd2 O-O-O 28.Nxc4 bxc4 29.Rd2 Rd7
30.Rhd1 Kb7 31.b4 a5 32.c3 Ra8 33.Rb2 Kc8 34.b5 Kb7 35.a4 Rad8 36.bxc6+ Kxc6
37.Rb5 Ra8 38.Bf1 Raa7 39.Rb8 Rxd6 40.Rb6+  1-0

[Event "12th Donau Open"]
[Site "Aschach GER"]
[Date "2003.12.27"]
[Round "2"]
[White "Mayerhofer,P"]
[Black "Moser,E"]
[Result "0-1"]
[WhiteElo "2191"]
[BlackElo "2339"]

1.e4 d6 2.d4 Nf6 3.Nc3 Nbd7 4.Nf3 e5 5.Bc4 Be7 6.Bg5 c6 7.a4 h6 8.dxe5 dxe5
9.Bxf6 Bxf6 10.O-O O-O 11.Qe2 Qc7 12.Rfd1 Nc5 13.Qe3 Ne6 14.Ne2 Qb6 15.Qxb6 axb6
16.b4 Rd8 17.Bb3 Kf8 18.h3 Ke7 19.c3 g6 20.g3 Rxd1+ 21.Rxd1 Nc7 22.Kg2 Be6
23.Bc2 h5 24.Nc1 Bg7 25.Nd3 f6 26.Nb2 Ne8 27.Nd2 Nd6 28.f3 Bh6 29.h4 b5 30.a5 b6
31.Nb3 Nc4 32.Nxc4 bxc4 33.Nc1 bxa5 34.bxa5 Rxa5 35.Kf1 Ra3 36.Ne2 Ra2 37.Bb1 Rb2
38.Ke1 Be3 39.Kf1 Bh3+ 40.Ke1 Bg2  0-1

[Event "20th Open"]
[Site "Boeblinger GER"]
[Date "2003.12.27"]
[Round "3"]
[White "Korneev,O"]
[Black "Mietzner,T"]
[Result "1-0"]
[WhiteElo "2559"]
[BlackElo "2201"]

1.e4 d6 2.d4 Nf6 3.Nc3 e5 4.Nf3 Nbd7 5.Bc4 Be7 6.O-O O-O 7.Re1 c6 8.a4 a5
9.h3 exd4 10.Qxd4 Nc5 11.Bf4 Be6 12.Rad1 Qb6 13.Bxe6 fxe6 14.Bxd6 Bxd6 15.Qxd6 Rad8
16.Qe5 Nfd7 17.Qd4 Qxb2 18.Qe3 Qb6 19.Rd6 Qc7 20.Red1 Rde8 21.e5 b6 22.Nd4 Nb8
23.Ne4 Nxe4 24.Qxe4 Qf7 25.f3 Nd7 26.Nxe6 Rxe6 27.Rxd7 Qf4 28.Rxg7+ Kxg7
29.Rd7+ Qf7 30.Rxf7+ Rxf7 31.f4 Rfe7 32.c4 Kg8 33.Kh2 Kg7 34.h4 Kg8 35.h5 Kg7
36.Kh3 Kg8 37.g4 h6 38.Kh4 Re8 39.Qd4 c5 40.Qd5 Kg7 41.f5 Rxe5 42.Qd6  1-0